| 000 -LEADER |
| fixed length control field |
00546nam a2200181Ia 4500 |
| 003 - CONTROL NUMBER IDENTIFIER |
| control field |
OSt |
| 005 - DATE AND TIME OF LATEST TRANSACTION |
| control field |
20260418105653.0 |
| 008 - FIXED-LENGTH DATA ELEMENTS--GENERAL INFORMATION |
| fixed length control field |
260414s9999 xx 000 0 und d |
| 020 ## - INTERNATIONAL STANDARD BOOK NUMBER |
| International Standard Book Number |
9789356962026 |
| 040 ## - CATALOGING SOURCE |
| Transcribing agency |
0 |
| 082 ## - DEWEY DECIMAL CLASSIFICATION NUMBER |
| Classification number |
615.1 |
| Item number |
TRI/E |
| 100 ## - MAIN ENTRY--PERSONAL NAME |
| Personal name |
Tripathi, K.D. |
| 245 #0 - TITLE STATEMENT |
| Title |
One Stop Resource for all Your Exam Needs in Pharmacology: Complementary to Essentials of Medical Pharmacology,9/e |
| 250 ## - EDITION STATEMENT |
| Edition statement |
9th Edition |
| 260 ## - PUBLICATION, DISTRIBUTION, ETC. |
| Place of publication, distribution, etc. |
New Delhi |
| Name of publisher, distributor, etc. |
Jaypee Brothers Medical Publishers Pvt Ltd |
| Date of publication, distribution, etc. |
2026 |
| 300 ## - PHYSICAL DESCRIPTION |
| Extent |
183p. |
| 942 ## - ADDED ENTRY ELEMENTS (KOHA) |
| Koha item type |
Book |
| Source of classification or shelving scheme |
|